000 00488nam a2200157 a 4500
001 000014583
005 20240305124616.0
008 100115s1983 dr r 001 0 spa d
040 _aDO-SdBNP
_bspa
_cBNPHU
082 _axxxc
_bC957t
100 1 _a Cruz Infante, José A.,
_q(José Abigail)
_92460
245 1 0 _aTemas de nuestro tiempo /
_cJosé A. Cruz Infante.
260 _aSanto Domingo :
_bEducativa Dominicana,
_c1983.
300 _a137 p. ;
_c22 cm.
590 _aInventariado, 2019/BT
999 _c14169
_d14169